[Event "Mittelfranken-chTB2b 1011"]
[Site "Germany"]
[Date "2011.01.23"]
[Round "5.7"]
[White "Muenz, Benedikt"]
[Black "Cipra, Uwe"]
[Result "1/2-1/2"]
[WhiteElo "1694"]
[BlackElo "1718"]
[PlyCount "29"]
[EventDate "2010.09.26"]
[EventType "team-tourn"]
[EventRounds "9"]
[EventCountry "GER"]
[SourceTitle "EXT 2012"]
[Source "ChessBase"]
[SourceDate "2011.11.24"]
[SourceVersion "1"]
[SourceVersionDate "2011.11.24"]
[SourceQuality "1"]
[WhiteTeam "Neumarkt"]
[BlackTeam "Schwanstetten"]
[WhiteTeamCountry "GER"]
[BlackTeamCountry "GER"]

1. e4 e6 2. d4 d5 3. e5 c5 4. c3 Nc6 5. Nf3 a6 6. Be2 cxd4 7. cxd4 Bb4+ 8. Nc3 Nge7 9. 0-0 Ng6 10. Bg5 Be7 11. Be3 0-0 12. Rc1 Nh4 13. Nxh4 Bxh4 14. g3 Bg5 15. Qd2 1/2-1/2

[Event "Mittelfranken-chTB2b 0809"]
[Site "Mittelfranken"]
[Date "2009.03.22"]
[Round "8.8"]
[White "Muenz, Benedikt"]
[Black "Linkies, Michael"]
[Result "1/2-1/2"]
[WhiteElo "1669"]
[BlackElo "1709"]
[PlyCount "41"]
[EventDate "2008.10.12"]
[EventType "team"]
[EventRounds "9"]
[EventCountry "GER"]
[SourceTitle "EXT 2011"]
[Source "ChessBase"]
[SourceDate "2010.11.26"]
[SourceVersion "1"]
[SourceVersionDate "2010.11.26"]
[SourceQuality "1"]
[WhiteTeam "Neumarkt"]
[BlackTeam "Lauf II"]
[WhiteTeamCountry "GER"]
[BlackTeamCountry "GER"]

1. d4 Nf6 2. c4 e6 3. Nc3 b6 4. Nf3 Bb7 5. e3 d5 6. cxd5 Nxd5 7. Bd2 a6 8. Rc1 Bd6 9. Be2 Nd7 10. 0-0 0-0 11. a3 N7f6 12. b4 Nxc3 13. Bxc3 Nd5 14. Bb2 Nf6 15. Qc2 Rc8 16. Rfd1 Qe7 17. Ne5 c5 18. dxc5 bxc5 19. b5 axb5 20. Bxb5 Qc7 21. f4 1/2-1/2

[Event "Mittelfrankenliga-B2a 0607"]
[Site "Mittelfranken"]
[Date "2007.01.14"]
[Round "4.8"]
[White "Muenz, Benedikt"]
[Black "Gissler, Thomas"]
[Result "0-1"]
[WhiteElo "1690"]
[BlackElo "1553"]
[PlyCount "74"]
[EventDate "2006.10.22"]
[EventType "team-tourn"]
[EventRounds "9"]
[EventCountry "GER"]
[SourceTitle "EXT 2011"]
[Source "ChessBase"]
[SourceDate "2010.11.26"]
[SourceVersion "1"]
[SourceVersionDate "2010.11.26"]
[SourceQuality "1"]
[WhiteTeam "Neumarkt"]
[BlackTeam "Neustadt"]
[WhiteTeamCountry "GER"]
[BlackTeamCountry "GER"]

1. e4 c5 2. Nf3 Nc6 3. c3 d6 4. d4 cxd4 5. cxd4 Bg4 6. Be2 Nf6 7. Nc3 g6 8. 0-0 Bg7 9. Be3 0-0 10. Rc1 Nd7 11. Qd2 e5 12. d5 Ne7 13. Nb5 Nb6 14. h3 Bxf3 15. Bxf3 a6 16. Nc7 Nd7 17. Nxa8 Qxa8 18. Rc7 Qd8 19. Rxb7 f5 20. Qb4 Nf6 21. Bb6 Qe8 22. Qxd6 Nc8 23. Qc6 fxe4 24. Bg4 Nxg4 25. hxg4 Nxb6 26. Qxb6 Bf6 27. Rc1 Bd8 28. Qxa6 e3 29. fxe3 Rf6 30. Qa7 Qf8 31. b4 e4 32. Qd4 Rf2 33. Qa1 Rxg2+ 34. Kxg2 Qf3+ 35. Kg1 Qxe3+ 36. Kf1 Qf3+ 37. Ke1 Bh4+ 0-1